Insight guide : Namibia.

Bibliographic Details
Format: Book
Published: Singapore: APA Publications, 1999.
Subjects:
LEADER 00428cam a2200145 7i4500
001 0000008101
005 20000822090000.0
020 0 0 |a 9812341366  
090 0 0 |a NAMB 910.96881   |b INS 
245 0 0 |a Insight guide :   |b Namibia. 
260 0 0 |a Singapore:   |b APA Publications,   |c 1999. 
300 # # |a 328 p. 
650 0 0 |a Namibia --   |x Voyages and travels --   |x Guidebooks  
651 0 0 |a Namibia  
999 |a B000010937  |b Book  |c Countries  |e Business Information Centre